| 000 | 00457cam a2200181 4500 | ||
|---|---|---|---|
| 001 | D8958 | ||
| 008 | 090401t1968 xxu||||| |||| 00| 0 eng d | ||
| 035 | _a(Sirsi) u16416 | ||
| 041 | _aeng | ||
| 050 | _a336.21026 | ||
| 100 | _aSpray, F. | ||
| 245 | _aDigest of rating valuation case law. Second supplement | ||
| 260 |
_aLondon _bRating & Valuation Association _c1968 |
||
| 300 | _axiii. 279p. 22cm | ||
| 350 | _a0 | ||
| 942 | _n0 | ||
| 948 | _c04/03/1997 | ||
| 999 |
_c87424 _d87424 |
||